USA States by Picture - Statistics

General Stats
  • This quiz has been taken 140 times
  • The average score is 7 of 15
Answer Stats
Picture Answer % Correct
California
90%
Arizona
83%
Hawaii
80%
South Dakota
77%
Alaska
76%
Washington
76%
Illinois
74%
Nevada
65%
Vermont
26%
Michigan
21%
Ohio
15%
Texas
13%
Wisconsin
12%
Georgia
10%
Kansas
10%
No matching quizzes found
Score Distribution
Percent of People with Each Score
Percentile by Number Answered
Your Score History
You have not taken this quiz